000
00270nam a22001097a 4500
082
_a
900/ROY
100
_a
Roy, Sujit
_9
84016
245
_a
Swami Vivekananda in Newspapers Abroad
_b
1893 - Post 1902
260
_a
Delhi
_b
Nandy Books
_c
2024
650
_a
History
942
_c
BK
999
_c
69037
_d
69037